Movies Quiz

Random Movies or Actor Quiz

Movies by Actor (A-Z) Quiz Stats

 Plays Quiz Updated Oct 12, 2018

Also try: 'The' Movies (A-Z)
Challenge
Share
Tweet
Embed
Score 0/26 Timer 06:00
23 Plays Today
Actor Movie % Correct
Arnold SchwarzeneggerTrue Lies, Total Recall...
92.1%
Ben StillerZoolander...
87.7%
Patrick SwayzeDonnie Darko...
87.3%
Hugh JackmanX-Men...
87.1%
Sigourney WeaverAlien, Avatar, ...
86.1%
Mel GibsonBraveheart...
81.4%
George ClooneyO Brother, Where Art Thou?...
81.1%
Uma ThurmanKill Bill Volume 1...
80.6%
Will SmithHitch, Hancock
78.7%
Julia RobertsPretty Woman...
77.8%
Matt DamonGood Will Hunting...
68.6%
Daniel CraigQuantum of Solace
67%
Natalie PortmanV for Vendetta...
66%
Actor Movie % Correct
Harrison FordRaiders of the Lost Ark...
61.5%
Kevin CostnerWaterworld, Wyatt Earp
57%
Sandra BullockSpeed...
53%
Cate BlanchettElizabeth...
48.2%
Nicolas CageNational Treasure...
47.8%
Robert De NiroMidnight Run, Mean Streets...
47.4%
Clint EastwoodUnforgiven
44.5%
Meryl StreepJulie & Julia...
42.3%
Jodie FosterCandleshoe, Contact...
36%
James StewartIt's a Wonderful Life...
34.1%
Tom HanksYou've Got Mail
30.9%
Michael DouglasFalling Down...
30.3%
Steve MartinL.A. Story, Leap of Faith...
13.5%

You're not logged in!

Compare scores with friends on all Sporcle quizzes.
Join for Free
OR
Log In

You Might Also Like...

Show Comments

Extras

Top Quizzes Today


Score Distribution

Your Account Isn't Verified!

In order to create a playlist on Sporcle, you need to verify the email address you used during registration. Go to your Sporcle Settings to finish the process.

Report this User

Report this user for behavior that violates our Community Guidelines.

Details: